Statistics for US States by most common ancestry.

Click here to take the quiz!

General Stats

  • This quiz has been taken 124 times
  • The average score is 9 of 25

Answer Stats

Ancestry State % Correct
CubanFlorida
70%
HispanicNew Mexico
68%
ChineseCalifornia
65%
JewishNew York
64%
NorwegianNorth Dakota
59%
FrenchMaine
57%
AfricanMississippi
52%
SwedishMinnesota
52%
IrishMassachusetts
51%
ArabMichigan
43%
AsianHawaii
38%
Native AmericanAlaska
37%
EnglishUtah
35%
ItalianRhode Island
33%
SomaliMinnesota
31%
GermanNorth Dakota
28%
PolishWisconsin
26%
BrazilianFlorida
24%
IndianNew Jersey
22%
HungarianOhio
19%
White (European)Vermont
19%
DanishUtah
18%
Puerto RicanConnecticut
16%
GreekMassachusetts
12%
CzechNebraska
10%

Score Distribution

Percentile by Number Answered

Percent of People with Each Score

Your Score History

You have not taken this quiz